[Event "Paris European Corporate 1st"]
[Site "Paris"]
[Date "2017.11.25"]
[Round "5.3"]
[White "Tsorbatzoglou, Theodoros"]
[Black "Tkachuk, Sergij"]
[Result "1-0"]
[WhiteElo "2217"]
[BlackElo "2176"]
[PlyCount "117"]
[EventDate "2017.11.24"]
[EventType "team-swiss"]
[EventRounds "9"]
[EventCountry "FRA"]
[SourceTitle "CBM 181 Extra"]
[Source "ChessBase"]
[SourceDate "2017.12.12"]
[SourceVersion "1"]
[SourceVersionDate "2017.12.12"]
[SourceQuality "1"]
[WhiteTeam "Event Consulting"]
[BlackTeam "OCDE"]
[WhiteTeamCountry "FRA"]
[BlackTeamCountry "GER"]

1. d4 Nf6 2. Nf3 g6 3. g3 Bg7 4. Bg2 0-0 5. c4 d6 6. 0-0 c6 7. Nc3 Qc7 8. Qc2 a5 9. e4 e5 10. Rd1 Na6 11. d5 Bg4 12. h3 Bxf3 13. Bxf3 h6 14. Be3 c5 15. Qd2 Kh7 16. a3 Qd7 17. Bg2 Ng8 18. g4 Ne7 19. Nb5 Nc7 20. Nc3 Na6 21. Rab1 f5 22. gxf5 gxf5 23. exf5 Nxf5 24. Be4 Kh8 25. Kh2 Nxe3 26. fxe3 Bf6 27. Rg1 Bh4 28. Rbf1 Rxf1 29. Rxf1 Rg8 30. Qe2 Bg3+ 31. Kg2 Bf4+ 32. Kf2 Qxh3 33. Ke1 Bxe3 34. Qf3 Qxf3 35. Rxf3 Bf4 36. Nb5 Rd8 37. Rf1 Kg7 38. Bf5 Kf6 39. Be6 Ke7 40. Ke2 Rh8 41. Kf3 h5 42. Rg1 Rh7 43. Rg6 h4 44. Bh3 Rf7 45. Nxd6 Rf6 46. Nf5+ Kf7 47. Rg7+ Kf8 48. Rxb7 Bg3 49. Ke4 Ke8 50. Ra7 Kd8 51. d6 Nb8 52. Ra8 Kc8 53. Nxg3+ Kb7 54. Rxb8+ Kxb8 55. Nf5 Kc8 56. Kxe5 Rf8 57. Ne7+ Kd8 58. Nc6+ Ke8 59. d7+ 1-0

[Event "GRE-chT 37th"]
[Site "Kallithea"]
[Date "2009.07.05"]
[Round "4"]
[White "Tsorbatzoglou, Theodoros"]
[Black "Skembris, Spyridon"]
[Result "0-1"]
[WhiteElo "2256"]
[BlackElo "2452"]
[PlyCount "84"]
[EventDate "2009.07.03"]
[EventType "team-tourn"]
[EventRounds "9"]
[EventCountry "GRE"]
[SourceTitle "CBM 131 Extra"]
[Source "ChessBase"]
[SourceDate "2009.09.03"]
[SourceVersion "2"]
[SourceVersionDate "2009.09.16"]
[SourceQuality "1"]

1. d4 Nf6 2. Nf3 c5 3. e3 g6 4. Be2 Bg7 5. 0-0 Qc7 6. c4 0-0 7. Nc3 d6 8. d5 a6 9. e4 Bg4 10. h3 Bxf3 11. Bxf3 e6 12. Bf4 exd5 13. exd5 Re8 14. Qd2 Nfd7 15. Rfe1 Ne5 16. Be2 Nbd7 17. Bf1 f5 18. Rac1 Nf7 19. h4 h5 20. g3 Nde5 21. Kg2 Re7 22. Be3 Rae8 23. Be2 Qd7 24. f4 Ng4 25. Bg1 Ne3+ 26. Kf3 Bd4 27. Bd3 g5 28. hxg5 Nxg5+ 29. fxg5 f4 30. Bxe3 Bxe3 31. Qh2 Bxc1 32. Rxc1 Re3+ 33. Kg2 Qg4 34. Bf1 fxg3 35. Qh3 Qf3+ 36. Kg1 Qf2+ 37. Kh1 Re1 38. Rxe1 Rxe1 39. Qc8+ Kf7 40. g6+ Kg7 41. Qd7+ Kh6 42. Qh7+ Kg5 0-1

[Event "GRE-chT 35th"]
[Site "Ermioni Argolidas"]
[Date "2006.07.07"]
[Round "6"]
[White "Nikolopoulos, Georgios"]
[Black "Tsorbatzoglou, Theodoros"]
[Result "0-1"]
[WhiteElo "2053"]
[BlackElo "2232"]
[PlyCount "76"]
[EventDate "2006.07.03"]
[EventType "team"]
[EventRounds "9"]
[EventCountry "GRE"]
[SourceTitle "CBM 113 Extra"]
[Source "ChessBase"]
[SourceDate "2006.09.14"]
[SourceVersion "1"]
[SourceVersionDate "2006.09.14"]
[SourceQuality "1"]

1. e4 c5 2. Nc3 e6 3. d3 d5 4. g3 Nf6 5. Bg5 Be7 6. Bg2 Nc6 7. exd5 Nxd5 8. Bxe7 Ndxe7 9. Nge2 0-0 10. 0-0 Rb8 11. Ne4 b6 12. N2c3 Bb7 13. Qh5 Nd4 14. Rac1 h6 15. Rfe1 Nef5 16. Nd1 Nd6 17. Ne3 f5 18. Nxd6 Bxg2 19. Kxg2 Qxd6 20. Nc4 Qd5+ 21. f3 Nc6 22. a4 Kh7 23. c3 Rbe8 24. Rcd1 e5 25. Re2 g6 26. Ne3 Qd8 27. Qh4 Qxh4 28. gxh4 Kg7 29. Nc4 Kf6 30. Rde1 Re7 31. Ne3 Rd8 32. c4 Nb4 33. f4 Nxd3 34. fxe5+ Rxe5 35. Rf1 Kg7 36. Kf3 Re4 37. h5 Ne5+ 38. Kg2 f4 0-1

[Event "GRE-chT 35th"]
[Site "Ermioni Argolidas"]
[Date "2006.07.06"]
[Round "4"]
[White "Tsorbatzoglou, Theodoros"]
[Black "Souleidis, Georgios"]
[Result "1-0"]
[WhiteElo "2232"]
[BlackElo "2412"]
[PlyCount "39"]
[EventDate "2006.07.03"]
[EventType "team"]
[EventRounds "9"]
[EventCountry "GRE"]
[SourceTitle "CBM 113 Extra"]
[Source "ChessBase"]
[SourceDate "2006.09.14"]
[SourceVersion "1"]
[SourceVersionDate "2006.09.14"]
[SourceQuality "1"]

1. d4 Nf6 2. Nf3 g6 3. g3 Bg7 4. Bg2 0-0 5. c4 d6 6. 0-0 Nbd7 7. Qc2 e5 8. dxe5 dxe5 9. e4 Qe7 10. b3 Nc5 11. Ba3 b6 12. Nc3 c6 13. Ne1 Nfd7 14. Nd3 Re8 15. Nxc5 Nxc5 16. Na4 Bf8 17. Nxc5 Qc7 18. Nd3 Bxa3 19. b4 c5 20. Qa4 1-0

[Event "GRE-chT 35th"]
[Site "Ermioni Argolidas"]
[Date "2006.07.05"]
[Round "3"]
[White "Markidis, Konstantinos"]
[Black "Tsorbatzoglou, Theodoros"]
[Result "1/2-1/2"]
[WhiteElo "2370"]
[BlackElo "2232"]
[PlyCount "92"]
[EventDate "2006.07.03"]
[EventType "team"]
[EventRounds "9"]
[EventCountry "GRE"]
[SourceTitle "CBM 113 Extra"]
[Source "ChessBase"]
[SourceDate "2006.09.14"]
[SourceVersion "1"]
[SourceVersionDate "2006.09.14"]
[SourceQuality "1"]

1. e4 c5 2. Nf3 Nc6 3. Bb5 g6 4. 0-0 Bg7 5. Re1 e5 6. Bxc6 dxc6 7. d3 Qe7 8. a3 Nf6 9. b4 0-0 10. Nbd2 Bg4 11. bxc5 Qxc5 12. a4 Bxf3 13. Nxf3 Rfe8 14. Qd2 Qe7 15. Ba3 Qc7 16. Reb1 Nd7 17. Qb4 b6 18. Qc4 Nf8 19. a5 Ne6 20. axb6 axb6 21. Bc1 b5 22. Qc3 Qd6 23. g3 h6 24. Ba3 Qc7 25. Bc5 Nxc5 26. Qxc5 Bf8 27. Qc3 Bd6 28. Kg2 Kg7 29. Qb2 f6 30. Ra2 Bc5 31. Rba1 Rxa2 32. Qxa2 Qb6 33. c3 Re7 34. Rd1 Qa7 35. Qd2 Qa5 36. h4 h5 37. Qc1 Qa3 38. Qc2 Qa4 39. Qb1 Bb6 40. d4 Qc4 41. d5 Rd7 42. dxc6 Rxd1 43. Qxd1 Qxc6 44. Qb3 Qc5 45. Qe6 Qxf2+ 46. Kh3 Qxf3 1/2-1/2

[Event "GRE-chT 34th"]
[Site "Ermioni Argolidas"]
[Date "2005.07.05"]
[Round "2"]
[White "Petrakis, Ilias"]
[Black "Tsorbatzoglou, Theodoros"]
[Result "0-1"]
[WhiteElo "2220"]
[BlackElo "2235"]
[PlyCount "148"]
[EventDate "2005.07.04"]
[EventType "team"]
[EventRounds "9"]
[EventCountry "GRE"]
[SourceTitle "CBM 107 Extra"]
[Source "ChessBase"]
[SourceDate "2005.09.01"]
[SourceVersion "1"]
[SourceVersionDate "2005.09.01"]
[SourceQuality "1"]

1. e4 c5 2. Nf3 Nc6 3. d4 cxd4 4. Nxd4 g6 5. c4 d6 6. Nc3 Nf6 7. Be2 Nxd4 8. Qxd4 Bg7 9. Be3 0-0 10. Qd2 Be6 11. 0-0 Rc8 12. b3 a6 13. Rac1 Qa5 14. f3 Rfe8 15. Rfd1 Nd7 16. Bf1 Qb4 17. Nb1 Qxd2 18. Rxd2 b5 19. Na3 b4 20. Nc2 a5 21. Nd4 Nc5 22. g3 Bd7 23. Rb1 Ra8 24. Bg2 Bc8 25. Nb5 Rb8 26. Nc7 Rf8 27. Nd5 Rb7 28. g4 Be6 29. g5 Bxd5 30. Rxd5 Rc7 31. f4 Rfc8 32. Bf3 h6 33. h4 h5 34. Bg2 Bc3 35. Bh3 e6 36. Rxd6 Nxe4 37. Rd3 Nc5 38. Rdd1 a4 39. Bxc5 Rxc5 40. Rd7 axb3 41. axb3 R5c7 42. Rd6 Kf8 43. Bg2 Ke7 44. Rd3 Ra7 45. Kf2 Ra2+ 46. Kg3 Rc7 47. Be4 Ra5 48. Kf3 Ra2 49. Kg3 Ra6 50. Bf3 Rd6 51. Rbd1 Be1+ 52. Kh3 Rxd3 53. Rxd3 Bf2 54. Rd2 Be3 55. Ra2 Bxf4 56. Ra5 Rd7 57. c5 Rd3 58. Kg2 Bc7 59. Ra7 Kd7 60. Be2 Rd2 61. Kf1 Rd5 62. Bb5+ Kc8 63. Ba6+ Kd8 64. Ra8+ Ke7 65. c6 Rd4 66. Rc8 Kd6 67. Bb5 Rxh4 68. Ra8 Rf4+ 69. Ke2 Rf5 70. Bd3 Rxg5 71. Be4 f5 72. Bf3 e5 73. Ra4 e4 74. Bh1 Rg1 0-1

[Event "GRE-chT 32nd"]
[Site "Kallithea"]
[Date "2003.07.09"]
[Round "7"]
[White "Tzermiadianos, Andreas"]
[Black "Tsorbatzoglou, Theodoros"]
[Result "1-0"]
[WhiteElo "2418"]
[BlackElo "2255"]
[PlyCount "69"]
[EventDate "2003.07.04"]
[EventType "team-tourn"]
[EventRounds "9"]
[EventCountry "GRE"]
[SourceTitle "CBM 095 Extra"]
[Source "ChessBase"]
[SourceDate "2003.09.04"]
[SourceVersion "1"]
[SourceVersionDate "2003.09.04"]
[SourceQuality "1"]

1. e4 g6 2. d4 Bg7 3. Nc3 d6 4. f4 c6 5. Nf3 Nf6 6. Bd3 0-0 7. 0-0 b5 8. e5 Ne8 9. Qe1 f5 10. exf6 exf6 11. f5 g5 12. d5 b4 13. Nd1 c5 14. a3 a5 15. axb4 cxb4 16. Nd4 Rf7 17. Ne6 Qe7 18. Ne3 Bb7 19. Bd2 Nd7 20. c4 Ne5 21. Be2 Qd7 22. h4 h6 23. Bh5 Re7 24. Bxe8 Rexe8 25. Qe2 Qf7 26. hxg5 hxg5 27. Kf2 Ra6 28. Rh1 Bc8 29. g4 Bxe6 30. fxe6 Qa7 31. Kg3 Qd4 32. Nf5 Qxb2 33. Qh2 Qb3+ 34. Be3 Ra7 35. Qh7+ 1-0

[Event "GRE-chT 32nd"]
[Site "Kallithea"]
[Date "2003.07.08"]
[Round "5"]
[White "Svetushkin, Dmitry"]
[Black "Tsorbatzoglou, Theodoros"]
[Result "1-0"]
[WhiteElo "2571"]
[BlackElo "2255"]
[PlyCount "51"]
[EventDate "2003.07.04"]
[EventType "team-tourn"]
[EventRounds "9"]
[EventCountry "GRE"]
[SourceTitle "CBM 095 Extra"]
[Source "ChessBase"]
[SourceDate "2003.09.04"]
[SourceVersion "1"]
[SourceVersionDate "2003.09.04"]
[SourceQuality "1"]

1. e4 c5 2. Nf3 e6 3. d3 d5 4. Qe2 Be7 5. e5 Nc6 6. g3 h5 7. h4 Nh6 8. Bg2 b6 9. 0-0 Nf5 10. c3 Ba6 11. Re1 b5 12. Bh3 g6 13. a3 Qb6 14. Bg5 Bb7 15. Nbd2 a5 16. Bg2 b4 17. Bf6 Rg8 18. Ng5 c4 19. dxc4 Nxg3 20. Qd3 Nf5 21. cxd5 Rd8 22. Nc4 Qc5 23. axb4 axb4 24. Ne4 Qxd5 25. Ned6+ Rxd6 26. Nxd6+ 1-0

[Event "GRE-chT 31st"]
[Site "Chalkidiki"]
[Date "2002.07.08"]
[Round "4"]
[White "Gavrilakis, Nikolaos"]
[Black "Tsorbatzoglou, Theodoros"]
[Result "1/2-1/2"]
[WhiteElo "2408"]
[BlackElo "2266"]
[PlyCount "89"]
[EventDate "2002.07.05"]
[EventType "team"]
[EventRounds "8"]
[EventCountry "GRE"]
[SourceTitle "CBM 089 Extra"]
[Source "ChessBase"]
[SourceDate "2002.09.10"]
[SourceVersion "2"]
[SourceVersionDate "2002.09.10"]
[SourceQuality "1"]

1. e4 g6 2. d4 Bg7 3. Nc3 c6 4. Nf3 d6 5. Be3 Nf6 6. Qd2 b5 7. Bd3 Ng4 8. Bg5 h6 9. Bh4 0-0 10. h3 Nf6 11. e5 b4 12. Ne2 Nd5 13. exd6 Qxd6 14. Bg3 Qd8 15. Ne5 Qb6 16. c4 Nf6 17. c5 Qb7 18. 0-0 Be6 19. Nf4 Bd5 20. Rfe1 a5 21. Nc4 Bxc4 22. Bxc4 Nd5 23. Re4 e6 24. Nd3 Nd7 25. Bd6 Rfd8 26. Rae1 N7f6 27. R4e2 Ne8 28. Bxd5 Nxd6 29. Bxe6 Nb5 30. Bc4 Rd7 31. Bxb5 Qxb5 32. Ne5 Bxe5 33. Rxe5 Kg7 34. Re7 Raa7 35. Rxd7 Rxd7 36. Qf4 Qc4 37. Qe5+ Kh7 38. Qe4 Qxd4 39. Qxc6 Rd5 40. Qe8 Rf5 41. c6 Rxf2 42. Qd7 Qxd7 43. cxd7 Rd2 44. Re5 Rxd7 45. Rxa5 1/2-1/2

[Event "Athens Akropolis op"]
[Site "Athens"]
[Date "1997.??.??"]
[Round "2"]
[White "Alexandrou, Alexandros"]
[Black "Tsorbatzoglou, Theodoros"]
[Result "1/2-1/2"]
[WhiteElo "2250"]
[BlackElo "2290"]
[PlyCount "56"]
[EventDate "1997.??.??"]
[EventType "swiss"]
[EventRounds "9"]
[EventCountry "GRE"]
[SourceTitle "EXT 2001"]
[Source "ChessBase"]
[SourceDate "2000.11.22"]
[SourceVersion "1"]
[SourceVersionDate "2000.11.22"]
[SourceQuality "1"]

1. d4 Nf6 2. c4 e5 3. dxe5 Ne4 4. Nf3 Nc6 5. Nbd2 Nc5 6. a3 a5 7. b3 d6 8. exd6 Bxd6 9. e3 Qf6 10. Ra2 Bf5 11. Bb2 Qh6 12. Nd4 Nxd4 13. Bxd4 0-0 14. Bxc5 Bxc5 15. Qf3 Qg6 16. Be2 c6 17. 0-0 Rfe8 18. Qh5 Qxh5 19. Bxh5 Rad8 20. Rd1 Rd3 21. Be2 Rc3 22. g4 Bg6 23. Kf1 Kf8 24. Ke1 f6 25. h4 h6 26. h5 Bh7 27. Rda1 Bd6 28. Kd1 f5 1/2-1/2

[Event "Kavala op 07th"]
[Site "Kavala"]
[Date "1997.??.??"]
[Round "5"]
[White "Likartsis, Athanasios"]
[Black "Tsorbatzoglou, Theodoros"]
[Result "0-1"]
[WhiteElo "1700"]
[BlackElo "2290"]
[PlyCount "60"]
[EventDate "1997.08.13"]
[EventType "swiss"]
[EventRounds "9"]
[EventCountry "GRE"]
[SourceTitle "EXT 2004"]
[Source "ChessBase"]
[SourceDate "2003.11.25"]
[SourceVersion "1"]
[SourceVersionDate "2003.11.25"]
[SourceQuality "1"]

1. e4 c5 2. b4 cxb4 3. d4 d5 4. e5 Nc6 5. a3 Qb6 6. Be3 Bf5 7. c4 bxc3 8. Nxc3 e6 9. Bb5 a6 10. Ba4 h5 11. Nge2 Qc7 12. 0-0 Nge7 13. Qd2 Nc8 14. Rfc1 Nb6 15. Bb3 Be7 16. Bg5 Rc8 17. Bxe7 Qxe7 18. Qf4 Bg6 19. h4 Na5 20. Bc2 Bxc2 21. Rxc2 Rc4 22. Rd1 Na4 23. Rd3 Qxa3 24. Rg3 Nxc3 25. Nxc3 Qf8 26. Rb2 g6 27. Kh2 Qe7 28. Re3 Nc6 29. Rd3 b5 30. Ra2 Nb4 0-1

[Event "Kavala op 07th"]
[Site "Kavala"]
[Date "1997.??.??"]
[Round "3"]
[White "Skembris, Spyridon"]
[Black "Tsorbatzoglou, Theodoros"]
[Result "1-0"]
[WhiteElo "2470"]
[BlackElo "2290"]
[PlyCount "69"]
[EventDate "1997.08.13"]
[EventType "swiss"]
[EventRounds "9"]
[EventCountry "GRE"]
[SourceTitle "EXT 2004"]
[Source "ChessBase"]
[SourceDate "2003.11.25"]
[SourceVersion "1"]
[SourceVersionDate "2003.11.25"]
[SourceQuality "1"]

1. d4 c5 2. d5 e5 3. e4 d6 4. Nc3 Be7 5. Bb5+ Nd7 6. a4 Ngf6 7. Nf3 0-0 8. 0-0 Ne8 9. Nd2 a6 10. Bd3 b6 11. Nc4 Rb8 12. f4 Bf6 13. Kh1 Qe7 14. Ne3 exf4 15. Nf5 Qd8 16. Qe2 Ra8 17. Bxf4 Ne5 18. Ra3 Nc7 19. Nd1 Bxf5 20. Bxe5 Bxe5 21. Rxf5 b5 22. axb5 axb5 23. Rxa8 Qxa8 24. Bxb5 Qa1 25. Rf1 Bxb2 26. Ne3 Qa5 27. Bc6 Be5 28. Nc4 Qc3 29. g3 f6 30. Rf3 Qa1+ 31. Kg2 Rb8 32. Ra3 Qc1 33. Ra7 Ne8 34. Qh5 g6 35. Qxh7+ 1-0

[Event "Kavala op 07th"]
[Site "Kavala"]
[Date "1997.??.??"]
[Round "8"]
[White "Tsorbatzoglou, Theodoros"]
[Black "Mastrovasilis, Athanasios"]
[Result "1-0"]
[WhiteElo "2290"]
[BlackElo "2315"]
[PlyCount "117"]
[EventDate "1997.08.13"]
[EventType "swiss"]
[EventRounds "9"]
[EventCountry "GRE"]
[SourceTitle "EXT 2004"]
[Source "ChessBase"]
[SourceDate "2003.11.25"]
[SourceVersion "1"]
[SourceVersionDate "2003.11.25"]
[SourceQuality "1"]

1. d4 Nf6 2. Nf3 e6 3. g3 b5 4. Bg5 Bb7 5. Bg2 d5 6. Nbd2 Nbd7 7. c3 c5 8. Ne5 Qb6 9. Bxf6 Nxf6 10. a4 Bd6 11. a5 Qc7 12. f4 0-0 13. e3 Rfc8 14. 0-0 b4 15. a6 Bc6 16. c4 Rab8 17. Qe2 Ba8 18. Rfc1 Qb6 19. Nb3 cxd4 20. exd4 dxc4 21. Nxc4 Qd8 22. Bxa8 Rxa8 23. Ne5 Qb6 24. Nc4 Qc6 25. Qg2 Nd5 26. Ne3 Qb5 27. Nxd5 exd5 28. Qf1 Qb6 29. Qd3 Re8 30. Re1 Rac8 31. Kf2 g6 32. Rxe8+ Rxe8 33. Re1 Rc8 34. f5 Qd8 35. Qf3 Qd7 36. f6 Qb5 37. Re2 Qc4 38. Kg2 h5 39. Kh3 Qxa6 40. Kg2 Qc4 41. Qe3 Bf8 42. Nc5 Bxc5 43. dxc5 Qxc5 44. Qh6 Qf8 45. Qf4 a5 46. h3 Re8 47. Rd2 Rd8 48. Re2 Qd6 49. Re8+ Kh7 50. Rh8+ Rxh8 51. Qxd6 Ra8 52. Qxd5 Ra7 53. Qc5 Ra8 54. g4 hxg4 55. hxg4 Kh6 56. g5+ Kh5 57. Kg3 Rd8 58. Kf4 Rd3 59. Qg1 1-0

[Event "Athens Akropolis op"]
[Site "Athens"]
[Date "1997.??.??"]
[Round "9"]
[White "Tsorbatzoglou, Theodoros"]
[Black "Szekely, Peter"]
[Result "0-1"]
[WhiteElo "2290"]
[BlackElo "2465"]
[PlyCount "58"]
[EventDate "1997.??.??"]
[EventType "swiss"]
[EventRounds "9"]
[EventCountry "GRE"]
[SourceTitle "EXT 2001"]
[Source "ChessBase"]
[SourceDate "2000.11.22"]
[SourceVersion "1"]
[SourceVersionDate "2000.11.22"]
[SourceQuality "1"]

1. d4 Nf6 2. Nf3 g6 3. g3 Bg7 4. Bg2 c5 5. d5 d6 6. c4 b5 7. cxb5 Qa5+ 8. Nfd2 Qxb5 9. Nc3 Qb7 10. 0-0 0-0 11. b3 Nfd7 12. Bb2 Nb6 13. e4 a5 14. Rb1 Bd7 15. Re1 Na6 16. f4 Qc7 17. Qe2 a4 18. bxa4 c4 19. Kh1 Nb4 20. Nb5 Qc5 21. e5 Nxa4 22. Ba3 Bxb5 23. Bxb4 Qb6 24. Nxc4 Qa6 25. Bf1 Nb6 26. Rec1 Rfc8 27. exd6 exd6 28. Qe7 Bxc4 29. f5 Bxd5+ 0-1

[Event "GRE-chT"]
[Site "Athens"]
[Date "1996.??.??"]
[Round "6"]
[White "Drakopoulos, Anastasios"]
[Black "Tsorbatzoglou, Theodoros"]
[Result "0-1"]
[WhiteElo "2120"]
[BlackElo "2265"]
[PlyCount "86"]
[EventDate "1996.??.??"]
[EventType "team"]
[EventRounds "9"]
[EventCountry "GRE"]
[SourceTitle "CBM 055 Extra"]
[Source "ChessBase"]
[SourceDate "1997.01.01"]
[SourceVersion "1"]
[SourceVersionDate "1997.01.01"]
[SourceQuality "1"]

1. e4 c5 2. Nf3 Nc6 3. Bb5 g6 4. 0-0 Bg7 5. Re1 Nf6 6. c3 0-0 7. d4 cxd4 8. cxd4 d5 9. e5 Ne4 10. Nc3 Bf5 11. Nh4 Nxc3 12. bxc3 Bd7 13. Bd3 e6 14. Nf3 Rc8 15. Rb1 Na5 16. Bg5 f6 17. exf6 Bxf6 18. Bxf6 Qxf6 19. Qd2 Rc7 20. Ne5 Nc6 21. Nxc6 Bxc6 22. Re3 Bd7 23. Bf1 b5 24. g3 Rb8 25. Rbe1 Rb6 26. Bg2 Qg5 27. h4 Qf6 28. Rf3 Qg7 29. Qg5 Rc8 30. Rfe3 Kh8 31. h5 gxh5 32. Qxh5 b4 33. cxb4 Rxb4 34. Bxd5 Rb5 35. Re5 Rxd5 36. Rxd5 exd5 37. Qh4 Re8 38. Rc1 Qe7 39. Qf4 Qe4 40. Qf6+ Kg8 41. Qg5+ Kh8 42. Qf6+ Kg8 43. Qg5+ Qg6 0-1

[Event "GRE-chT"]
[Site "Thessaloniki"]
[Date "1996.??.??"]
[Round "1"]
[White "Tsorbatzoglou, Theodoros"]
[Black "Papastavropoulos, Andreas"]
[Result "1/2-1/2"]
[WhiteElo "2265"]
[BlackElo "2245"]
[PlyCount "119"]
[EventDate "1996.??.??"]
[EventType "team"]
[EventRounds "3"]
[EventCountry "GRE"]
[SourceTitle "CBM 055 Extra"]
[Source "ChessBase"]
[SourceDate "1997.01.01"]
[SourceVersion "1"]
[SourceVersionDate "1997.01.01"]
[SourceQuality "1"]

1. d4 Nf6 2. Nf3 g6 3. c4 Bg7 4. g3 d6 5. Bg2 c6 6. 0-0 Bf5 7. Nc3 Qc8 8. Re1 Ne4 9. Nxe4 Bxe4 10. Bf1 h6 11. Nd2 Bf5 12. Nb3 Bh3 13. Bg2 h5 14. Bf3 h4 15. e4 hxg3 16. fxg3 Na6 17. Be3 Qd7 18. Qe2 0-0-0 19. c5 dxc5 20. d5 Be5 21. Nxc5 Nxc5 22. Bxc5 Kb8 23. Rac1 Rc8 24. Red1 cxd5 25. exd5 f6 26. Qe3 a6 27. Qe4 Rxc5 28. Rxc5 Qd6 29. Rc2 Bf5 30. Qe2 Bxc2 31. Qxc2 Qb6+ 32. Qf2 Qxf2+ 33. Kxf2 Rxh2+ 34. Bg2 Bxb2 35. d6 exd6 36. Rxd6 Be5 37. Rd7 Kc8 38. Rg7 g5 39. Rg8+ Kd7 40. Rg7+ Ke6 41. Rxb7 Bd4+ 42. Kf1 Rh8 43. Rb4 Ke5 44. Ra4 Rb8 45. Ra5+ Ke6 46. Bh3+ Kd6 47. Rxa6+ Kd5 48. Ke2 Re8+ 49. Kd2 Re3 50. Bg2+ Kc5 51. Rc6+ Kb5 52. a4+ Ka5 53. g4 Rg3 54. Bd5 Rxg4 55. Rc4 Rh4 56. Kd3 Bb6 57. Rxh4 gxh4 58. Bc6 Bc5 59. Kd2 Kb4 60. Kd3 1/2-1/2

[Event "Aegina op"]
[Site "Aegina"]
[Date "1996.??.??"]
[Round "7"]
[White "Tsorbatzoglou, Theodoros"]
[Black "Psomiadis, Stavros"]
[Result "1/2-1/2"]
[WhiteElo "2265"]
[BlackElo "2230"]
[PlyCount "153"]
[EventDate "1996.??.??"]
[EventType "swiss"]
[EventRounds "9"]
[EventCountry "GRE"]
[SourceTitle "EXT 1997"]
[Source "ChessBase"]
[SourceDate "1996.11.15"]
[SourceVersion "1"]
[SourceVersionDate "1996.11.15"]
[SourceQuality "1"]

1. Nf3 Nf6 2. g3 d5 3. Bg2 e6 4. 0-0 Be7 5. d3 Nbd7 6. Nbd2 c6 7. e4 Qc7 8. Re1 dxe4 9. dxe4 e5 10. Nh4 g6 11. Nf1 0-0 12. Bh6 Rd8 13. h3 Bf8 14. Qc1 Nc5 15. Bxf8 Kxf8 16. Qh6+ Kg8 17. Qg5 Ne8 18. Rad1 Be6 19. Qe3 b6 20. Nd2 Qd7 21. Nhf3 f6 22. Kh2 Qc7 23. Bf1 a5 24. Nc4 Nd6 25. Nfd2 Nf7 26. b3 Kg7 27. Nb2 Rd7 28. Ndc4 Rad8 29. f3 Rxd1 30. Rxd1 Rxd1 31. Nxd1 Nd7 32. a4 b5 33. Ncb2 bxa4 34. Nxa4 Qd6 35. Ndb2 Ng5 36. h4 Qd2+ 37. Qxd2 Nxf3+ 38. Kg2 Nxd2 39. Bd3 f5 40. exf5 gxf5 41. Kf2 e4 42. Be2 Kf6 43. Nc3 Ne5 44. Ke3 Ndf3 45. Nba4 h5 46. Bxf3 Nxf3 47. Ne2 Ne1 48. Kd2 Nf3+ 49. Ke3 Ke5 50. Nc5 Ne1 51. c3 Bc8 52. Nf4 Kd6 53. Na4 Nc2+ 54. Kd2 Na1 55. b4 axb4 56. cxb4 Nb3+ 57. Kc3 Nc1 58. Nc5 Ke5 59. Kc2 Na2 60. Kb3 Nc1+ 61. Kc2 Na2 62. Kb3 Nc1+ 63. Kc4 Kd6 64. Kc3 e3 65. Kb2 e2 66. Ng2 e1Q 67. Nxe1 Ne2 68. Ned3 Nxg3 69. Kc3 Ne2+ 70. Kd2 Nd4 71. Nf4 Nf3+ 72. Ke3 Nxh4 73. Kf2 Ke5 74. Kg3 Kd4 75. Kxh4 Kc3 76. Kxh5 Kxb4 77. Nfe6 1/2-1/2

[Event "GRE-chT"]
[Site "Athens"]
[Date "1996.??.??"]
[Round "9"]
[White "Tsorbatzoglou, Theodoros"]
[Black "Tsarouhas, Konstantinos"]
[Result "1-0"]
[WhiteElo "2265"]
[BlackElo "2215"]
[PlyCount "51"]
[EventDate "1996.??.??"]
[EventType "team"]
[EventRounds "9"]
[EventCountry "GRE"]
[SourceTitle "CBM 055 Extra"]
[Source "ChessBase"]
[SourceDate "1997.01.01"]
[SourceVersion "1"]
[SourceVersionDate "1997.01.01"]
[SourceQuality "1"]

1. d4 Nf6 2. Nf3 g6 3. c4 Bg7 4. g3 0-0 5. Bg2 d6 6. 0-0 Nbd7 7. Qc2 e5 8. Rd1 Re8 9. dxe5 dxe5 10. e4 c6 11. h3 Qa5 12. a3 Nc5 13. Nc3 Qc7 14. b4 Ne6 15. Be3 b6 16. Rac1 Bb7 17. Qa4 a5 18. Qb3 axb4 19. axb4 Bf8 20. Ne1 Qe7 21. Nc2 c5 22. bxc5 Nxc5 23. Qxb6 Nfxe4 24. Nxe4 Nxe4 25. c5 Red8 26. Nb4 1-0

[Event "GRE-chT"]
[Site "Athens"]
[Date "1996.??.??"]
[Round "8"]
[White "Vragoteris, Antonios"]
[Black "Tsorbatzoglou, Theodoros"]
[Result "1-0"]
[WhiteElo "2325"]
[BlackElo "2265"]
[PlyCount "79"]
[EventDate "1996.??.??"]
[EventType "team"]
[EventRounds "9"]
[EventCountry "GRE"]
[SourceTitle "CBM 055 Extra"]
[Source "ChessBase"]
[SourceDate "1997.01.01"]
[SourceVersion "1"]
[SourceVersionDate "1997.01.01"]
[SourceQuality "1"]

1. f4 d5 2. Nf3 g6 3. g3 Bg7 4. Bg2 Nf6 5. 0-0 0-0 6. d3 c6 7. Nc3 d4 8. Ne4 Nd5 9. Rb1 Nd7 10. Bd2 h6 11. Qc1 N7f6 12. c3 Nxe4 13. dxe4 dxc3 14. bxc3 Nb6 15. c4 Nd7 16. c5 e5 17. f5 g5 18. h4 g4 19. Ne1 Kh7 20. Nd3 Qe7 21. Kh1 Rg8 22. Be3 Nf6 23. Kg1 Nh5 24. Kf2 b5 25. cxb6 axb6 26. Qxc6 Rxa2 27. Nc1 Ra7 28. Bxb6 Rd7 29. Nd3 Rxd3 30. exd3 Qa3 31. Qc4 Ba6 32. Qb3 Qd6 33. Rfd1 Rb8 34. Bc7 Qc5+ 35. d4 Qxc7 36. Qxb8 Qc2+ 37. Kg1 Nxg3 38. Qb2 Ne2+ 39. Kh1 Qc4 40. Qb3 1-0

[Event "EU-Cup 11th Group4"]
[Site "Tyniste"]
[Date "1995.07.16"]
[Round "2"]
[White "Babula, Vlastimil"]
[Black "Tsorbatzoglou, Theodoros"]
[Result "1-0"]
[WhiteElo "2530"]
[BlackElo "2310"]
[PlyCount "79"]
[EventDate "1995.07.15"]
[EventType "team-k.o."]
[EventRounds "3"]
[EventCountry "CZE"]
[SourceTitle "EXT 2020"]
[Source "ChessBase"]
[SourceDate "2019.10.17"]
[SourceVersion "1"]
[SourceVersionDate "2019.10.17"]
[SourceQuality "1"]
[WhiteTeam "Bratislava Slovan"]
[BlackTeam "Chess Academy of DEI Northern Greece"]
[WhiteTeamCountry "SVK"]
[BlackTeamCountry "GRE"]

1. d4 g6 2. c4 Bg7 3. e4 c5 4. d5 d6 5. Nc3 Nf6 6. h3 0-0 7. Nf3 e6 8. Bd3 a6 9. a4 exd5 10. cxd5 Nbd7 11. Bg5 h6 12. Bf4 Qe7 13. 0-0 Nh5 14. Bh2 Ne5 15. Be2 Nxf3+ 16. Bxf3 Nf6 17. e5 dxe5 18. d6 Qe6 19. Re1 Nd7 20. Bd5 Qf6 21. a5 Rb8 22. Qc2 b6 23. Rad1 bxa5 24. Bc6 Qg5 25. Ne4 Qh5 26. Nxc5 Rd8 27. Nd3 Bb7 28. Bxd7 Rxd7 29. Nxe5 Bxe5 30. Rxe5 Qh4 31. Rde1 Rf8 32. Re8 Qg5 33. Bg3 Rd8 34. Rxf8+ Rxf8 35. Qc3 Qd5 36. f3 Bc8 37. Re7 Qg5 38. Kh2 Bf5 39. h4 Qh5 40. Qf6 1-0